| 000 | 00916nam a2200265 4500 | ||
|---|---|---|---|
| 003 | MX-MxINE | ||
| 005 | 20260530115316.0 | ||
| 008 | 260506b2018 |||||||| |||| 00| 0 spa d | ||
| 020 | _a 9786077474906 | ||
| 040 |
_aICI _bspa _cICI _erda |
||
| 050 | 4 |
_aF1234.Z37 _bA85 |
|
| 100 | 1 |
_aÁvila Espinosa, Felipe Arturo, _eautor _933669 |
|
| 245 | 1 | 0 |
_aBreve historia del zapatismo : _btierra y libertad _cFelipe Ávila ; con la colaboración de Pedro Salmerón |
| 246 | 3 | 0 | _aBreve historia del zapatismo |
| 264 | 1 |
_aCiudad de México : _bCrítica, _c[2018] |
|
| 300 | _a374 páginas | ||
| 336 |
_2rdacontent _atexto |
||
| 337 |
_2rdamedia _asin medio |
||
| 338 |
_2rdacarrier _avolumen |
||
| 490 | 0 | 0 | _aMemoria crítica de México |
| 600 | 1 | 4 |
_aZapata, Emiliano, _d1879-1919 _933670 |
| 650 | 1 | 4 |
_aMéxico _xHistoria _yRevolución, 1910-1920 _933671 |
| 700 | 1 |
_aSalmerón Sanginés, Pedro, _eeditor |
|
| 942 |
_2lcc _n1 _cBK |
||
| 999 |
_c13585 _d13585 |
||